|
|
|
|
| LEADER |
00000ny a22000003n 4500 |
| 005 |
2011062008338.0 |
| 008 |
060706s2007 ag 000 0 spa |
| 020 |
|
|
|a 9789505361939
|
| 035 |
|
|
|a 2032
|
| 040 |
|
|
|a BUS
|d vLex
|
| 090 |
|
|
|c 893
|d 893
|
| 100 |
1 |
|
|a Garca̕ Morelos, Gumesindo
|
| 245 |
1 |
0 |
|a Introduccin̤ al derecho procesal constitucional
|h [Recurso electrn̤ico]
|c Gumesindo Garca̕ Morelos
|
| 256 |
|
|
|a Servicio en ln̕ea
|
| 260 |
|
|
|a La Plata :
|b Editora Platense,
|c 2007
|
| 300 |
|
|
|a 129 p. ;
|c cm
|
| 506 |
1 |
|
|a Contenido solo disponible en los productos indicados
|d vLex Global
|d vLex Global (Academic Edition, excluding Law Schools)
|d vLex Global (U.S. Academic Edition, Law Schools)
|d vLex Global (U.S. Academic Edition, excluding Law Schools)
|d vLex Global (Academic Edition, Law Schools)
|
| 650 |
0 |
4 |
|a Derecho constitucional
|
| 650 |
0 |
4 |
|a Procedimiento (Derecho)
|
| 740 |
0 |
|
|a vLex Libros (Servicios en ln̕ea)
|
| 856 |
4 |
0 |
|u http://vlex.com/source/2032
|z Acceso restringido
|
| 942 |
|
|
|c BOOK
|
| 999 |
0 |
|
|a Law
|b Argentina
|